[Event "Bangkok Assumption op"]
[Site "Bangkok"]
[Date "2017.03.11"]
[Round "2"]
[White "Hansing, Saphong"]
[Black "Boonsong, Permsak"]
[Result "1-0"]
[WhiteElo "1937"]
[BlackElo "1561"]
[PlyCount "75"]
[EventDate "2017.03.10"]
[EventType "swiss"]
[EventRounds "9"]
[EventCountry "THA"]
[SourceTitle "EXT 2018"]
[Source "ChessBase"]
[SourceDate "2017.10.13"]
[SourceVersion "1"]
[SourceVersionDate "2017.10.13"]
[SourceQuality "1"]

1. e4 e5 2. Nf3 Nf6 3. Nxe5 d6 4. Nf3 Nxe4 5. d4 d5 6. Bd3 Nf6 7. 0-0 Be7 8. Re1 0-0 9. Nbd2 Bg4 10. h3 Bh5 11. c3 Nbd7 12. Nf1 Bd6 13. Bg5 c6 14. N1d2 Qc7 15. Qc2 Rfe8 16. Nh4 Bf4 17. Bxf4 Qxf4 18. g3 Qc7 19. Nf5 Rad8 20. b4 Re6 21. Re3 Rxe3 22. Nxe3 Re8 23. Kg2 b6 24. Qb3 Ne4 25. Ndf1 Ndf6 26. Qc2 Qd7 27. f4 Bg6 28. g4 h6 29. f5 Bh7 30. Re1 b5 31. Nh2 Qd6 32. Nef1 Qf4 33. Re3 Qg5 34. Nf3 Qf4 35. Ne5 h5 36. Rf3 Qg5 37. Ne3 hxg4 38. hxg4 1-0

[Event "Bangkok Assumption op"]
[Site "Bangkok"]
[Date "2017.03.10"]
[Round "1"]
[White "Asavasaetakul, Chawit"]
[Black "Hansing, Saphong"]
[Result "0-1"]
[WhiteElo "1421"]
[BlackElo "1937"]
[PlyCount "126"]
[EventDate "2017.03.10"]
[EventType "swiss"]
[EventRounds "9"]
[EventCountry "THA"]
[SourceTitle "EXT 2018"]
[Source "ChessBase"]
[SourceDate "2017.10.13"]
[SourceVersion "1"]
[SourceVersionDate "2017.10.13"]
[SourceQuality "1"]

1. e4 e6 2. d4 d5 3. exd5 exd5 4. Bd3 Nf6 5. Ne2 Bd6 6. 0-0 0-0 7. Bf4 c6 8. Nbc3 Qc7 9. Bg3 Bg4 10. f3 Bh5 11. Bxd6 Qxd6 12. Ng3 Bg6 13. Nce2 Nbd7 14. Qd2 Rfe8 15. Rfe1 Bxd3 16. Qxd3 g6 17. Rad1 Re6 18. Qd2 Rae8 19. Qg5 Kh8 20. Rd2 Nb6 21. b3 a5 22. Rf1 Nbd7 23. Nf4 Re3 24. Nd3 R3e7 25. f4 Ne4 26. Nxe4 Rxe4 27. Ne5 Kg7 28. Nxd7 Qxd7 29. Rd3 h6 30. Qh4 Qe7 31. Qg4 Re1 32. Qf3 f5 33. Qf2 Re2 34. Qf3 Rxc2 35. a4 Qe2 36. Rf2 Qxf3 37. gxf3 Ree2 38. Rxe2 Rxe2 39. Rc3 Rd2 40. Rc5 Rxd4 41. Rxa5 Rb4 42. Ra8 Rxb3 43. Rd8 Ra3 44. Rd7+ Kf6 45. Rd6+ Kf7 46. Rd7+ Ke6 47. Rxb7 Rxa4 48. Rg7 Kf6 49. Rd7 Rc4 50. Rd6+ Kf7 51. Rd7+ Ke6 52. Rg7 Kf6 53. Rd7 Rxf4 54. Rd6+ Kg5 55. Kg2 Rc4 56. Kg3 f4+ 57. Kh3 Rc3 58. Kg2 Rc2+ 59. Kh3 Rc4 60. Kg2 d4 61. h4+ Kxh4 62. Rxg6 h5 63. Kh2 d3 0-1